Hand Book of Business Letters (Record no. 20240)
[ view plain ]
| 000 -LEADER | |
|---|---|
| fixed length control field | 00252nam a22001097a 4500 |
| 020 ## - INTERNATIONAL STANDARD BOOK NUMBER | |
| International Standard Book Number | 0133760057 |
| 082 ## - DEWEY DECIMAL CLASSIFICATION NUMBER | |
| Classification number | 657.70FRA |
| 100 ## - MAIN ENTRY--PERSONAL NAME | |
| Personal name | FRAILEY,L.E |
| 9 (RLIN) | 6113 |
| 245 ## - TITLE STATEMENT | |
| Title | Hand Book of Business Letters |
| 300 ## - PHYSICAL DESCRIPTION | |
| Extent | X1,772pg |
| Other physical details | index,Bibliograph |
| 942 ## - ADDED ENTRY ELEMENTS (KOHA) | |
| Koha item type | Books |
| Withdrawn status | Lost status | Source of classification or shelving scheme | Damaged status | Not for loan | Collection code | Home library | Current library | Shelving location | Date acquired | Total Checkouts | Full call number | Barcode | Date last seen | Price effective from | Koha item type |
|---|---|---|---|---|---|---|---|---|---|---|---|---|---|---|---|
| Dewey Decimal Classification | Non-fiction | IFM Main Campus Library | IFM Main Campus Library | Stack Collection | 09/21/2021 | 657.70FRA | 0000003137 | 09/18/2018 | 02/19/2022 | Books |
